|
|
|
|
| LEADER |
00000nab a2200000uu 4500 |
| 001 |
vtls010876676 |
| 003 |
SK-MaSNL |
| 005 |
20260304032900.0 |
| 008 |
230303|1973 xo |||||||||||||||||ger| |
| 015 |
|
|
|a SNBRB
|
| 035 |
|
|
|a (urnnbn)urn:nbn:sk:snk:ar-006ago
|
| 035 |
|
|
|a (uuid)791de0ce-64df-4479-afb7-8802463d74dc
|
| 035 |
|
|
|a urn:nbn:sk:snk-ab7q9c
|
| 040 |
|
|
|a SNKBUCL
|b slo
|c SNKBUCL
|e AACR2
|
| 041 |
0 |
|
|a ger
|
| 044 |
|
|
|a xo
|c SK
|
| 100 |
1 |
|
|a Kráľová, Katarína,
|d 1944-
|4 aut
|9 220290
|
| 245 |
1 |
0 |
|a Solubilisation des Pyrens in wäßrigen Lösungen von Gallensäuren und einigen ihrer Salze
|c K. Kráľová, Ľ. Mitterhauszerová, A. Muchová
|
| 700 |
1 |
|
|a Muchová, Anneliese,
|d 1935-
|4 trl
|9 7147
|
| 700 |
1 |
|
|a Mitterhauszerová, Ľudmila
|4 aut
|9 283733
|
| 773 |
0 |
|
|t Chemické zvesti
|g Roč. 27, č. 5 (1973), s. 606-612
|
| 958 |
|
|
|a OND
|
| 958 |
|
|
|a EUIPO
|
| 958 |
|
|
|a article8
|
| 999 |
|
|
|c 2645430
|d 2647360
|